000 00790nam a2200241 4500
001 11894
003 HDC
007 cr bn ---aaaaa
008 210208c dr|noo 0 a eng d
040 _aHDC
245 0 _aBritish brands eye growing Muslim consumer market
260 _a[No place] :
_b Business World Online,
_c[no year]
336 _atext
_2rdacontent
337 _acomputer
_2rdamedia
338 _aonline resource
_2rdacarrier
650 _aentrepreneurs
_951
650 _aMuslim consumer
_9584
710 _a Business World Online
856 _zRequest full-text at [email protected]
942 _2lcc
942 _cNEWS
942 _kNWSO 002375
999 _c9217
_d9217